| 000 | 01865cam a2200397 a 4500 | ||
|---|---|---|---|
| 999 |
_c128165 _d128165 |
||
| 001 | 13030368 | ||
| 003 | ARRUPE | ||
| 005 | 20180914112513.0 | ||
| 008 | 021213s2003 enkb b 001 0deng | ||
| 010 | _a 2002044805 | ||
| 020 | _a0333990056 (pbk.) | ||
| 040 |
_aDLC _cDLC _dDLC |
||
| 042 | _apcc | ||
| 043 |
_ae------ _ae-fr--- |
||
| 050 | 0 | 0 |
_aDC203.9 _b.E45 2003 |
| 082 | 0 | 0 |
_a940.2/7 _221 |
| 100 | 1 |
_aEllis, Geoffrey James. _942191 |
|
| 245 | 1 | 4 |
_aThe Napoleonic empire / _cGeoffrey Ellis. |
| 250 | _a2nd. ed. | ||
| 260 |
_aHoundmills, Basingstoke, Hampshier ; _aNew York : _bPalgrave Macmillan, _c2003. |
||
| 300 |
_axiii, 165 p. : _bmaps ; _c22 cm. |
||
| 490 | 1 | _aStudies in European history | |
| 504 | _aIncludes bibliographical references (p. 138-156) and index. | ||
| 600 | 0 | 0 |
_aNapoleon _bI, _cEmperor of the French, _d1769-1821 _xInfluence. _942192 |
| 600 | 0 | 0 |
_aNapoleon _bI, _cEmperor of the French, _d1769-1821 _xRelations with Europeans. _942193 |
| 650 | 0 |
_aContinental System (Economic blockade) _942194 |
|
| 650 | 0 |
_aNapoleonic Wars, 1800-1815 _xEconomic aspects. _942195 |
|
| 651 | 0 |
_aFrance _xHistory _yConsulate and First Empire, 1799-1815. _919197 |
|
| 651 | 0 |
_aEurope _xHistory _y1789-1815. _934614 |
|
| 651 | 0 |
_aFrance _xKings and rulers _vBiography _xHistory and criticism. _942196 |
|
| 830 | 0 |
_aStudies in European history (Basingstoke, England) _9896 |
|
| 856 | 4 | 2 |
_3Contributor biographical information _uhttp://www.loc.gov/catdir/bios/hol053/2002044805.html |
| 856 | 4 | 2 |
_3Publisher description _uhttp://www.loc.gov/catdir/description/hol041/2002044805.html |
| 856 | 4 | 1 |
_3Table of contents _uhttp://www.loc.gov/catdir/toc/hol041/2002044805.html |
| 906 |
_a7 _bcbc _corignew _d1 _eocip _f20 _gy-gencatlg |
||
| 942 |
_2lcc _cMONOGRAPH |
||